Ecophysiology of VA mycorrhizal plants / (Record no. 23474)

MARC details
000 -LEADER
fixed length control field 00850cam a2200265 a 4500
001 - CONTROL NUMBER
control field 4298440
003 - CONTROL NUMBER IDENTIFIER
control field OSt
005 - DATE AND TIME OF LATEST TRANSACTION
control field 20211222144926.0
008 - FIXED-LENGTH DATA ELEMENTS--GENERAL INFORMATION
fixed length control field 861210s1987 flua b 001 0 eng
010 ## - LIBRARY OF CONGRESS CONTROL NUMBER
LC control number 86032713
020 ## - INTERNATIONAL STANDARD BOOK NUMBER
International Standard Book Number 0849364922
040 ## - CATALOGING SOURCE
Original cataloging agency DLC
Transcribing agency HU
Modifying agency DLC
050 00 - LIBRARY OF CONGRESS CALL NUMBER
Classification number QK918
Item number .E26 1987
082 00 - DEWEY DECIMAL CLASSIFICATION NUMBER
Classification number 589.2/0452482
Edition number 19
245 00 - TITLE STATEMENT
Title Ecophysiology of VA mycorrhizal plants /
Statement of responsibility, etc. editor, Gene R. Safir.
260 ## - PUBLICATION, DISTRIBUTION, ETC.
Place of publication, distribution, etc. Boca Raton, Fla. :
Name of publisher, distributor, etc. CRC Press,
Date of publication, distribution, etc. c1987.
300 ## - PHYSICAL DESCRIPTION
Extent 224 p. :
Other physical details ill. ;
Dimensions 26 cm.
504 ## - BIBLIOGRAPHY, ETC. NOTE
Bibliography, etc. note Includes bibliographies and index.
650 #0 - SUBJECT ADDED ENTRY--TOPICAL TERM
Topical term or geographic name entry element Vesicular-arbuscular mycorrhizas.
9 (RLIN) 24332
650 #0 - SUBJECT ADDED ENTRY--TOPICAL TERM
Topical term or geographic name entry element Mycorrhizal plants
General subdivision Ecology.
9 (RLIN) 24333
650 #0 - SUBJECT ADDED ENTRY--TOPICAL TERM
Topical term or geographic name entry element Mycorrhizal plants
General subdivision Physiology.
9 (RLIN) 24334
700 1# - ADDED ENTRY--PERSONAL NAME
Personal name Safir, Gene R.,
Dates associated with a name 1944-
9 (RLIN) 24335
906 ## - LOCAL DATA ELEMENT F, LDF (RLIN)
a 7
b cbc
c orignew
d 1
e ocip
f 19
g y-gencatlg
942 ## - ADDED ENTRY ELEMENTS (KOHA)
Source of classification or shelving scheme Dewey Decimal Classification
Koha item type Books like text book referance book
Suppress in OPAC No
Holdings
Withdrawn status Lost status Source of classification or shelving scheme Damaged status Not for loan Collection code Home library Current library Shelving location Date acquired Total Checkouts Full call number Barcode Date last seen Copy number Price effective from Koha item type
    Dewey Decimal Classification     Reference Wondo Genet Library Wondo Genet Library General Stacks 12/22/2021   589.2/0452482 SAF 1987 WGCFNRL00009395 12/22/2021 1 12/22/2021 Books like text book referance book